History of christianity in Kenya, 1844-1977 : (Record no. 15100)
[ view plain ]
| 000 -LEADER | |
|---|---|
| fixed length control field | 00655nam a22001932 4500 |
| 001 - CONTROL NUMBER | |
| control field | 0000012239 |
| 005 - DATE AND TIME OF LATEST TRANSACTION | |
| control field | 20151217161142.0 |
| 008 - FIXED-LENGTH DATA ELEMENTS--GENERAL INFORMATION | |
| fixed length control field | 090218s xx 000 0 eng d |
| 040 ## - CATALOGING SOURCE | |
| Original cataloging agency | KABU |
| Transcribing agency | KABU |
| 245 10 - TITLE STATEMENT | |
| Title | History of christianity in Kenya, 1844-1977 : |
| Remainder of title | a select bibliography / |
| Statement of responsibility, etc. | compiled by J. K. Gakobo. |
| 250 ## - EDITION STATEMENT | |
| Edition statement | 1st ed. |
| 260 ## - PUBLICATION, DISTRIBUTION, ETC. (IMPRINT) | |
| Place of publication, distribution, etc. | Nairobi : |
| Name of publisher, distributor, etc. | Kenyatta University Library, |
| Date of publication, distribution, etc. | 1979. |
| 300 ## - PHYSICAL DESCRIPTION | |
| Extent | iii, 133 p. |
| 650 #0 - SUBJECT ADDED ENTRY--TOPICAL TERM | |
| Topical term or geographic name as entry element | Christianity |
| Form subdivision | Bibliography |
| Geographic subdivision | Kenya. |
| -- | 0000168510 |
| 710 2# - ADDED ENTRY--CORPORATE NAME | |
| Corporate name or jurisdiction name as entry element | Kenyatta University Library. |
| -- | 0000168511 |
| 852 1# - LOCATION | |
| -- | p400 KES |
| 908 ## - PUT COMMAND PARAMETER (RLIN) | |
| Put command parameter | 090218 |
| 950 ## - LOCAL HOLDINGS (RLIN) | |
| -- | 1 |
| Withdrawn status | Lost status | Source of classification or shelving scheme | Not for loan | Home library | Current library | Date acquired | Total Checkouts | Full call number | Barcode | Date last seen | Price effective from | Koha item type |
|---|---|---|---|---|---|---|---|---|---|---|---|---|
| Library of Congress Classification | Not For Loan | Kabarak, Main Campus | Kabarak, Main Campus | 17/12/2015 | Z7757 .K4H57 1979 c. 1 | 16674 | 17/12/2015 | 17/12/2015 | Reference |